000 00856aas a2200229 4500
999 _c53642
_d53642
001 768714001
003 CO-MdFUSB
005 20171030094246.0
008 170727s1996 xxu||||| |||| 00| 0 eng d
022 _a0098-9444
040 _aCO-MdFUSB
_bspa
_cCO-MdFUSB
_dCO-MdFUSB
041 _aspa
100 1 _aShanks, Hershel
_eautor
242 _aHuella digital del escriba Jeremías
245 0 _aFingerprint of Jeremiah's scribe
_c/ Hershel Shanks
300 _aVolumen 22. Número 2 (1996), páginas 36-38
_c: 28 cm.
520 1 _aCuarenta inscripciones en colecciones personales aumentan extraordinariamente nuestro conocimiento del pasado.
546 _aTexto en inglés
650 7 _9403
_aExcavaciones arqueológicas
773 0 _tBiblical Archaeology Review
_049395
_959495
_gVolumen 22. Número 2 (1996), páginas 36-38
_qPágina 36
942 _cANA